000 01763nam a2200361 c 4500
003 BLK
005 20180420220625.0
008 180408b bul|||||r ||||||| ||bul||
010 _aKNG00035865000
020 _a954-751-003-7
_bиздат.: Албатрос - (Албатрос)
040 _aBLK
041 _aBUL
_cBUL
080 _aОргани на обществения ред. Полиция. Обществена власт. Доброволни отреди. Държавна сигурност. Милиция. Дейност на полицията по вътрешно разузнаване
_b351.74
_x(075.8)
_z351.74(075.8)
100 1 _aИлиев, Илия Цветков
_eпърви автор
_9272795
139 _aИлиев, Илия Цветков
_bИ 52
245 1 0 _aУправление на полицейските и специалните служби
_bУч. пособие
_cИлия Цветков Илиев.
257 _aBGR
260 Варна ; София
_bВарненски свободен унив. Черноризец Храбър
_bАлбатрос
_c2000
_fСофия : Скала
300 _a452 с.
_bс табл.
_c20 см
380 _a3
500 _aБиблиогр. с. 450-451 ; Рез. на рус., англ., фр., нем., исп. ез.
504 _a450-451
650 4 _aПолиция - организация и управление - правни въпроси
_9244879
650 4 _aОхрана и сигурност - България
_9272482
653 _aуправление
653 _aслужби
653 _aполиция
852 _aЦб 208070
856 4 _qpdf
_u
856 4 _qpdf
_u
942 _cKNG
_n0
944 _aCR
_c28.02.2003
_kЦветанка_Енчева
944 _aED
_c01.07.2004
_k
999 _c33177
_d33177